Million litrov moloka /

Uložené v:
Podrobná bibliografia
Hlavný autor: Goriova, Marija Dmitrijevna (Author)
Médium: Kniha
Jazyk:Russian
Vydané: Moskva : Profizdat, 1955.
Edícia:Rasskazy novatorov
ISBN: (brož.)
Fyzický popis: 61 s.
Tagy: Pridať tag
Žiadne tagy, Buďte prvý kto otaguje tento záznam!

MARC

LEADER 00000nam a22000001 4500
001 000463511
005 20150410220218.0
008 010828s1955 ru e rus d
020 |a (brož.) 
040 |a SVKKK  |b slo  |c SVKKK  |e AACR2 
041 0 |a rus 
044 |a ru  |c RU 
100 1 |a Goriova, Marija Dmitrijevna  |4 aut 
245 1 0 |a Million litrov moloka /  |c Marija Dmitrijevna Goriova. 
260 |a Moskva :  |b Profizdat,  |c 1955. 
300 |a 61 s. 
490 1 |a Rasskazy novatorov 
830 0 |a Rasskazy novatorov 
910 |a svkkk 
998 |a BK 
090 |g SCKHL  |k Sklad Pribinova prízemie  |a I.6255  |j 102858  |i 2720334584  |s Prezenčne